000 00708nam a2200205 i 4500
001 80333
003 ES-MaACL
005 20250824092814.0
007 t|
008 041027s1974 sp ||||1| spa d
100 1 _aHobsbawm, E. J. (
_d1917-2012)
_963862
245 1 0 _aRebeldes primitivos
_b: estudio sobre las formas arcaicas de los movimientos sociales en los siglos XIX y XX /
_cEric J. Hobsbawm ; traducción de Joaquín Romero Maura.
250 _a[2ª ed.].
260 _aBarcelona :
_bAriel,
_c[1974]
300 _a368 p. ;
_c18 cm.
700 1 _aRomero Maura, Joaquín,
_d1940-
_999412
852 _aES-MaACL
_jE-5553
_bR.89960
852 _aES-MaACL
_jE-8041
_bR.92494
999 _c80333
_d80333